Brody's human pharmacology : (Record no. 170968)

MARC details
000 -LEADER
fixed length control field 00925nam a22002657a 4500
003 - CONTROL NUMBER IDENTIFIER
control field OSt
005 - DATE AND TIME OF LATEST TRANSACTION
control field 20250523091529.0
008 - FIXED-LENGTH DATA ELEMENTS--GENERAL INFORMATION
fixed length control field 240807b |||||||| |||| 00| 0 eng d
020 ## - INTERNATIONAL STANDARD BOOK NUMBER
International Standard Book Number 9780323476522 (paperback)
040 ## - CATALOGING SOURCE
Original cataloging agency NUST
Language of cataloging eng
Transcribing agency NUST
Modifying agency NUST
Description conventions rda
050 ## - LIBRARY OF CONGRESS CALL NUMBER
Classification number RM300 WEC
100 ## - MAIN ENTRY--PERSONAL NAME
Personal name Wecker, Lynn
Relator term Author
245 ## - TITLE STATEMENT
Title Brody's human pharmacology :
Remainder of title Mechanism - Based therapheutics /
Statement of responsibility, etc. Wecker Lynn.
250 ## - EDITION STATEMENT
Edition statement Sixth edition.
260 ## - PUBLICATION, DISTRIBUTION, ETC.
Place of publication, distribution, etc. Philadelphia :
Name of publisher, distributor, etc. Elsevier,
Date of publication, distribution, etc. 2019.
300 ## - PHYSICAL DESCRIPTION
Extent xvi, 714 pages :
Other physical details Illustrations ;
Dimensions 28 cm.
336 ## - CONTENT TYPE
Source rdacontent
Content type term text
Content type code txt
337 ## - MEDIA TYPE
Source rdamedia
Media type term unmediated
Media type code n
338 ## - CARRIER TYPE
Source rdacarrier
Carrier type term volume
Carrier type code nc
504 ## - BIBLIOGRAPHY, ETC. NOTE
Bibliography, etc. note Includes bibliographical references and index.
650 ## - SUBJECT ADDED ENTRY--TOPICAL TERM
Form subdivision Pharmacology | Drug | Therapy.
700 ## - ADDED ENTRY--PERSONAL NAME
Personal name Taylor, David A
Relator term Author
700 ## - ADDED ENTRY--PERSONAL NAME
Personal name Theobald, Robert J
Relator term Author
942 ## - ADDED ENTRY ELEMENTS (KOHA)
Source of classification or shelving scheme Library of Congress Classification
Koha item type Ordinary Loan Books
Edition Sixth edition.
Classification part RM300 WEC
Call number prefix RM
Call number suffix WEC
Suppress in OPAC No
Holdings
Withdrawn status Lost status Source of classification or shelving scheme Damaged status Not for loan Collection Home library Current library Shelving location Date acquired Source of acquisition Cost, normal purchase price Total Checkouts Full call number Barcode Date last seen Accession number Cost, replacement price Price effective from Koha item type Public note
    LCC     NFIC MAIN MAIN GEN 08/07/2024 Book Aid International 50.00   RM300 WEC 92004053151 08/07/2024 59857 50.00 08/07/2024 BOOKS Donation
    LCC     NFIC MEDICAL MEDICAL GEN 05/23/2025 Book Aid International 64.00   RM300 WEC 92004052649 05/23/2025 59806 64.00 05/23/2025 BOOKS Donation